Statistics for Famous People Born in Illinois

Click here to take the quiz!

General Stats

  • This quiz has been taken 146 times
  • The average score is 14 of 53

Answer Stats

DescriptionFamous PersonBirth City% Correct
The A-Team star, former wrestler with warrior hairstyleMr. TChicago
68%
Film titan of Mickey MouseWalt DisneyChicago
65%
Wife of the 42nd president, 2016 Democratic NomineeHillary ClintonChicago
59%
Founder of PlayboyHugh HefnerChicago
56%
Late actor of SNL and The Blues BrothersJohn BelushiChicago
56%
40th presidentRonald ReaganTampico
56%
Late actor of Aladdin and JumanjiRobin WilliamsChicago
53%
Actor of Caddyshack and GarfieldBill MurrayEvanston
50%
Wife of the 44th presidentMichelle ObamaChicago
50%
Supermodel with an iconic moleCindy CrawfordDeKalb
47%
Author of A Farewell to ArmsErnest HemingwayOak Park
47%
Late film critic of the Chicago Sun-TimesRoger EbertUrbana
47%
Host of Wheel of FortunePat SajakChicago
41%
Actress of Hot in Cleveland and The LoraxBetty WhiteOak Park
38%
Actor of High Fidelity and Say AnythingJohn CusackEvanston
38%
Founder of McDonald'sRay KrocOak Park
38%
Late actor of Diff'rent StrokesGary ColemanZion
35%
Voice actress as Ariel in The Little MermaidJodi BensonRockford
35%
Actress of Bridesmaids and Mike & MollyMelissa McCarthyPlainfield
35%
Author of Fahrenheit 451Ray BradburyWaukegan
35%
Ghostbusters actor, Caddyshack directorHarold RamisChicago
32%
Dreamgirls actress and American Idol finalistJennifer HudsonChicago
32%
Folk musician of A Holly Jolly ChristmasBurl IvesHunt City
26%
Comedienne who beheaded TrumpKathy GriffinOak Park
26%
Director of Forrest Gump and Back to the FutureRobert ZemeckisChicago
26%
Late comedian of The Original Kings of ComedyBernie MacChicago
21%
Author and creator of TarzanEdgar Rice BurroughsChicago
18%
Actor as Ron on Parks and RecreationNick OffermanJoliet
18%
Actor as Wreck-it RalphJohn C. ReillyChicago
15%
Star of 2 sitcom shows, Elf and The RescuersBob NewhartOak Park
12%
ABC World News anchor 2006-2009Charles GibsonEvanston
12%
Actress of Boyhood and True RomancePatricia ArquetteChicago
12%
Comedian ranked #1 for Comedy CentralRichard PryorPeoria
12%
Actress as Lois on Family GuyAlex BorsteinHighland Park
9%
Actor as Bob on Sesame StreetBob McGrathOttawa
9%
Host of Fox News SundayChris WallaceChicago
9%
Voice of Homer SimpsonDan CastellanetaOak Park
9%
Actor as Shaw in Open SeasonGary SiniseChicago
9%
Actor of Elmo in Grouchland and Criminal MindsMandy PatinkinChicago
9%
Former SNL Update hostSeth MeyersEvanston
9%
Actor as James in The Princess and the FrogTerrence HowardChicago
9%
Actress of a bug's life and CarsBonnie HuntChicago
6%
Late actor of Beauty and the Beast and Lilo and StitchDavid Ogden StiersPeoria
6%
Actress of The Good Dinosaur and Madagascar 3Frances McDormandGibson City
6%
Comedian known as Verne in Over the HedgeGarry ShandlingChicago
6%
Actor of WALL-E and Toy Story 3Jeff GarlinChicago
6%
Actor of Places in the Heart and Penguins of MadagascarJohn MalkovichChristopher
6%
Voice actress as Amy in FuturamaLauren TomHighland Park
6%
Actress of Toy Story and Meet the RobinsonsLaurie MetcalfCarbondale
6%
Late large actor of Kung Fu Panda and Brother BearMichael Clarke DuncanChicago
6%
Voice of Baymax in Big Hero 6Scott AdsitNorthbrook
6%
Voice of Francine in American DadWendy SchaalChicago
6%
Classic actress of Houseboat and ShrekKathleen FreemanChicago
3%

Score Distribution

Percentile by Number Answered

Percent of People with Each Score

Your Score History

You have not taken this quiz